Bruco del frejol

Furkejuvvon:
Bibliográfalaš dieđut
Váldodahkkit: Dell'Orto Trivelli, Horacio (Dahkki), Tapia F., Francisco (Dahkki), Aeschlimann Albornoz, Jorge (Dahkki)
Materiálatiipa: Girji
Giella:espánnjágiella
Almmustuhtton: Santiago Instituto de Investigaciones Agropecuarias 1981
Ráidu:Boletín Divulgativo, 54
Fáttát:
Fáddágilkorat: Lasit fáddágilkoriid
Eai fáddágilkorat, Lasit vuosttaš fáddágilkora!

MARC

LEADER 00000nam a2200000 a 4500
001 UCR4521
003 CL-VaPUC
008 980313e19810000CL |||||||||||||||||spa|d
082 0 4 |a 635.652  |b DEL  |2 21 
100 0 |a Dell'Orto Trivelli, Horacio  |e author  |9 404794 
700 0 |a Tapia F., Francisco  |e author  |9 404795 
700 0 |a Aeschlimann Albornoz, Jorge  |e author  |9 404796 
245 1 0 |a Bruco del frejol 
300 |a 23 p 
942 |c BK 
945 |d 19980313 00:00:00  |a rleighto 
260 |a Santiago  |b Instituto de Investigaciones Agropecuarias  |c 1981 
650 7 |a FREJOL  |2 CL-VaPUC  |9 404797 
650 0 |a Enfermedades de las plantas  |9 259687 
650 0 |a Control de plagas  |9 327373 
650 0 |a Aceites vegetales  |9 336958 
650 0 |a Semillas   |9 264396 
650 0 |a Insectos   |9 264174 
583 |a last modification  |c 20190627 09:54:10  |k Rodrigo Vera 
490 0 |a Boletín Divulgativo, 54 
999 |c 267459  |d 267457